000 00403nmm a2200145Ia 4500
008 251105s9999||||xx |||||||||||||||||und||
041 _aspa
100 _aTrelles Paz, Diego
245 0 _aAdenda
264 _a[Santiago de Chile, Chile] :
_bPatagonia,
_c2011
300 _a20 páginas
650 _aLatin American narrative
856 _uhttps://public.digitaliapublishing.com/a/23646
942 _cCF
999 _c104464
_d104464